000 00456nam a2200157Ia 4500
003 GCL
008 140319s9999 xx 000 0 eng d
040 _aGCL /
_cGCL
082 0 4 _a745.594
_bW O
100 1 _aWASCHER, HERTHA
245 1 0 _aORNAMENTAL PAINTED BOXES: HOW TO DECORATE BOXES BEAUTIFULLY /
_cWASCHER, HERTHA
260 _a[S.N] :
_bTHARSONS PUBLISHING CROUP ،
_c1983
300 _a96\P
650 0 4 _aDECORATIVE BOXES MAKING
942 _2ddc
_cBK
999 _c20839
_d20839